[Event "URU-chT Clubs"]
[Site "Punta del Este"]
[Date "2021.10.31"]
[Round "5.5"]
[White "Casas, Nicolas"]
[Black "Uslenghi, Leonel"]
[Result "1-0"]
[WhiteElo "1806"]
[BlackElo "1659"]
[PlyCount "57"]
[EventDate "2021.10.29"]
[EventType "team-swiss"]
[EventRounds "5"]
[EventCountry "URU"]
[SourceTitle "CBM 205 Extra"]
[Source "ChessBase"]
[SourceDate "2022.01.31"]
[SourceVersion "1"]
[SourceVersionDate "2022.01.31"]
[SourceQuality "1"]
[WhiteTeam "Montevideo Piratas del Tablero II"]
[BlackTeam "Canelones"]
[WhiteTeamCountry "URU"]
[BlackTeamCountry "URU"]

1. d4 Nf6 2. Nf3 g6 3. Bf4 Bg7 4. e3 c5 5. c3 Nc6 6. Nbd2 d5 7. h3 0-0 8. Bd3 Qb6 9. Rb1 a5 10. 0-0 Nd7 11. Re1 e5 12. Nxe5 Ndxe5 13. dxe5 Nxe5 14. Bc2 Qf6 15. Nf3 Nxf3+ 16. Qxf3 g5 17. Qh5 h6 18. Bg3 Bf5 19. Bxf5 Qxf5 20. h4 Qg6 21. Qxg6 fxg6 22. hxg5 hxg5 23. Bd6 Rfc8 24. Red1 Ra6 25. Rxd5 Rd8 26. Rbd1 Bf8 27. Bxf8 Rxd5 28. Rxd5 Kxf8 29. Rxc5 1-0

[Event "URU-chT Clubs"]
[Site "Punta del Este"]
[Date "2021.10.29"]
[Round "1.1"]
[White "Casas, Nicolas"]
[Black "Carbone, Diego"]
[Result "0-1"]
[WhiteElo "1806"]
[BlackElo "2240"]
[PlyCount "90"]
[EventDate "2021.10.29"]
[EventType "team-swiss"]
[EventRounds "5"]
[EventCountry "URU"]
[SourceTitle "CBM 205 Extra"]
[Source "ChessBase"]
[SourceDate "2022.01.31"]
[SourceVersion "1"]
[SourceVersionDate "2022.01.31"]
[SourceQuality "1"]
[WhiteTeam "Montevideo Piratas del Tablero II"]
[BlackTeam "Montevideo Banco Republica"]
[WhiteTeamCountry "URU"]
[BlackTeamCountry "URU"]

1. d4 Nf6 2. Nf3 g6 3. Bf4 Bg7 4. e3 0-0 5. Bc4 d5 6. Be2 c5 7. c3 Nc6 8. 0-0 b6 9. Nbd2 Nd7 10. Re1 Bb7 11. Rc1 e5 12. Nxe5 Ndxe5 13. Bxe5 Nxe5 14. dxe5 Bxe5 15. Nf3 Bg7 16. Qa4 a6 17. Rcd1 b5 18. Qc2 Qb6 19. b3 Rfe8 20. h3 Re7 21. Nh2 Qa5 22. Rc1 Rd8 23. Bf3 Bc8 24. Red1 Bf5 25. Qd2 Be6 26. c4 Qxd2 27. Rxd2 bxc4 28. bxc4 d4 29. Nf1 Red7 30. Rd3 Bh6 31. Ra3 Rd6 32. Ra5 Rc8 33. Bb7 Rc7 34. Rxa6 Rxa6 35. Bxa6 Ra7 36. Bb5 Rxa2 37. Rd1 Bg7 38. exd4 Bxd4 39. Nd2 Bf5 40. Nf3 Bxf2+ 41. Kh1 Bg3 42. Rd8+ Kg7 43. Rd1 Rc2 44. Kg1 Be6 45. Nd2 Bf4 0-1

[Event "URU-chT Regional"]
[Site "Punta del Este"]
[Date "2020.11.01"]
[Round "3.3"]
[White "Casas, Nicolas"]
[Black "Chinelli, Gabriel"]
[Result "1-0"]
[WhiteElo "1812"]
[BlackElo "1697"]
[PlyCount "63"]
[EventDate "2020.10.31"]
[EventType "team-swiss"]
[EventRounds "5"]
[EventCountry "URU"]
[SourceTitle "CBM 199 Extra"]
[Source "ChessBase"]
[SourceDate "2021.01.31"]
[SourceVersion "1"]
[SourceVersionDate "2021.01.31"]
[SourceQuality "1"]
[WhiteTeam "Montevideo Piratas II"]
[BlackTeam "Canelones Pando"]
[WhiteTeamCountry "URU"]
[BlackTeamCountry "URU"]

1. d4 d5 2. Nf3 Bf5 3. Bf4 Nf6 4. e3 e6 5. Bd3 Bb4+ 6. c3 Bxd3 7. Qxd3 Bd6 8. Qb5+ Nbd7 9. Qxb7 Bxf4 10. exf4 0-0 11. Qb3 Qe7 12. 0-0 Qd6 13. Ne5 Rfb8 14. Qc2 Qb6 15. b3 a5 16. Nd2 c5 17. Nxd7 Nxd7 18. Nf3 a4 19. bxa4 Qa7 20. Rfb1 Rc8 21. f5 cxd4 22. fxe6 fxe6 23. Qe2 Qa6 24. Qxa6 Rxa6 25. cxd4 Rxa4 26. g3 Rca8 27. Rb7 Nf8 28. Rb2 Kf7 29. Rb7+ Kf6 30. Ne5 Rxd4 31. f4 Kf5 32. Rf7+ 1-0

[Event "URU-chT Regional"]
[Site "Punta del Este"]
[Date "2020.10.31"]
[Round "2.3"]
[White "Chamlian, Aram"]
[Black "Casas, Nicolas"]
[Result "1-0"]
[WhiteElo "1710"]
[BlackElo "1812"]
[PlyCount "47"]
[EventDate "2020.10.31"]
[EventType "team-swiss"]
[EventRounds "5"]
[EventCountry "URU"]
[SourceTitle "CBM 199 Extra"]
[Source "ChessBase"]
[SourceDate "2021.01.31"]
[SourceVersion "1"]
[SourceVersionDate "2021.01.31"]
[SourceQuality "1"]
[WhiteTeam "Montevideo CBR"]
[BlackTeam "Montevideo Piratas II"]
[WhiteTeamCountry "URU"]
[BlackTeamCountry "URU"]

1. e4 d5 2. exd5 Nf6 3. d4 Nxd5 4. Nf3 Bg4 5. Be2 g6 6. 0-0 Bg7 7. Ne5 Bxe2 8. Qxe2 0-0 9. c4 Nf6 10. Be3 Nbd7 11. Nc3 c6 12. Rad1 Qc7 13. Bg5 e6 14. Rfe1 c5 15. Nb5 Qb6 16. dxc5 Qxc5 17. Nxd7 Nxd7 18. Be3 Qe7 19. Bxa7 Nb8 20. Qe3 Na6 21. Re2 Rfd8 22. Red2 Rxd2 23. Qxd2 Qb4 24. b3 1-0

[Event "Montevideo Biblioteca Nacional op"]
[Site "Montevideo"]
[Date "2019.07.16"]
[Round "3"]
[White "Casas, Nicolas"]
[Black "Avedisian, Alexander"]
[Result "1/2-1/2"]
[WhiteElo "1798"]
[BlackElo "1812"]
[PlyCount "81"]
[EventDate "2019.07.02"]
[EventType "swiss"]
[EventRounds "6"]
[EventCountry "URU"]
[SourceTitle "EXT 2020"]
[Source "ChessBase"]
[SourceDate "2019.10.17"]
[SourceVersion "1"]
[SourceVersionDate "2019.10.17"]
[SourceQuality "1"]

1. d4 Nf6 2. Nf3 g6 3. Bf4 Bg7 4. Nbd2 0-0 5. e3 d6 6. h3 c5 7. c3 cxd4 8. cxd4 Nc6 9. Bc4 Nh5 10. Bh2 e5 11. dxe5 Nxe5 12. Nxe5 Bxe5 13. Bxe5 dxe5 14. 0-0 Qh4 15. Be2 Ng7 16. Nf3 Qf6 17. Qd5 e4 18. Qxe4 Qxb2 19. Bc4 Qf6 20. Nd4 Nf5 21. Nxf5 Qxf5 22. Qh4 Be6 23. e4 Qe5 24. Bxe6 Qxe6 25. Rfe1 Rac8 26. f4 Rc2 27. f5 Qb6+ 28. Kh1 Qb2 29. Qg4 Rd8 30. Rad1 Rxd1 31. Rxd1 Rc1 32. a4 Qa1 33. Rxc1 Qxc1+ 34. Kh2 Qc2 35. Kh1 Qc1+ 36. Kh2 Qa1 37. Qf4 Kg7 38. e5 gxf5 39. Qg5+ Kf8 40. Qd8+ Kg7 41. Qg5+ 1/2-1/2

[Event "Montevideo Trebejos Autumn op"]
[Site "Montevideo"]
[Date "2018.03.07"]
[Round "1"]
[White "Silveira, Carlos"]
[Black "Casas, Nicolas"]
[Result "0-1"]
[WhiteElo "1225"]
[BlackElo "1819"]
[PlyCount "64"]
[EventDate "2018.03.07"]
[EventType "swiss"]
[EventRounds "7"]
[EventCountry "URU"]
[SourceTitle "CBM 183 Extra"]
[Source "ChessBase"]
[SourceDate "2018.04.19"]
[SourceVersion "1"]
[SourceVersionDate "2018.04.19"]
[SourceQuality "1"]

1. d4 d5 2. Nf3 Nf6 3. Bf4 e6 4. e3 c5 5. c3 Nc6 6. Nbd2 Be7 7. Bd3 c4 8. Bc2 0-0 9. Qe2 b5 10. a3 a5 11. Ne5 Bb7 12. 0-0 Bd6 13. Ndf3 Ne4 14. h3 f6 15. Nxc6 Bxc6 16. Bxd6 Qxd6 17. Nd2 Rfb8 18. Nxe4 dxe4 19. Qg4 f5 20. Qg3 Qe7 21. b4 a4 22. Rad1 Rf8 23. Qe5 Bd5 24. Rd2 Rf6 25. Bd1 Raf8 26. f3 Rg6 27. fxe4 Bxe4 28. Bf3 Qg5 29. Re2 Bd3 30. Rfe1 Bxe2 31. Rxe2 Qg3 32. Qxb5 Qxf3 0-1

[Event "Montevideo Duchamp Cup 2nd"]
[Site "Montevideo"]
[Date "2018.02.05"]
[Round "6"]
[White "Casas, Nicolas"]
[Black "Benoit, Rodrigo"]
[Result "0-1"]
[WhiteElo "1813"]
[BlackElo "2228"]
[PlyCount "48"]
[EventDate "2018.02.02"]
[EventType "swiss"]
[EventRounds "9"]
[EventCountry "URU"]
[SourceTitle "CBM 182 Extra"]
[Source "ChessBase"]
[SourceDate "2018.02.23"]
[SourceVersion "1"]
[SourceVersionDate "2018.02.23"]
[SourceQuality "1"]

1. d4 c5 2. c3 e6 3. Nf3 d5 4. Bf4 Nc6 5. e3 Nf6 6. h3 Be7 7. Nbd2 Bd7 8. Be2 0-0 9. 0-0 a6 10. a4 Qb6 11. Qb3 Qxb3 12. Nxb3 c4 13. Nbd2 b5 14. axb5 axb5 15. Ne5 Nxe5 16. Bxe5 Bc6 17. Bxf6 gxf6 18. f3 b4 19. e4 Bd6 20. Rfd1 Bf4 21. Rxa8 Rxa8 22. exd5 exd5 23. Nf1 Ra2 24. Rb1 bxc3 0-1

[Event "Montevideo Duchamp Cup 2nd"]
[Site "Montevideo"]
[Date "2018.02.04"]
[Round "4"]
[White "Casas, Nicolas"]
[Black "Rodriguez Delfino, Tiago"]
[Result "1-0"]
[WhiteElo "1813"]
[BlackElo "1426"]
[PlyCount "61"]
[EventDate "2018.02.02"]
[EventType "swiss"]
[EventRounds "9"]
[EventCountry "URU"]
[SourceTitle "CBM 182 Extra"]
[Source "ChessBase"]
[SourceDate "2018.02.23"]
[SourceVersion "1"]
[SourceVersionDate "2018.02.23"]
[SourceQuality "1"]

1. d4 Nf6 2. Nf3 g6 3. Bf4 Bg7 4. h3 d6 5. e3 0-0 6. Bc4 Nbd7 7. 0-0 e5 8. dxe5 dxe5 9. Bxe5 Nxe5 10. Nxe5 Nh5 11. Qxd8 Rxd8 12. Nxf7 b5 13. Nxd8+ bxc4 14. Nc3 Bf5 15. Nc6 Bxc2 16. Rac1 Bd3 17. Rfd1 a5 18. g4 Ra6 19. Ne7+ Kf7 20. Ned5 c6 21. Nf4 Nxf4 22. exf4 Rb6 23. Rd2 h5 24. b3 cxb3 25. Rxd3 Bxc3 26. Rdxc3 bxa2 27. Ra1 hxg4 28. Rxa2 Ra6 29. hxg4 Ke6 30. Rca3 Rb6 31. Rxa5 1-0

[Event "URU-chTB"]
[Site "Uruguay"]
[Date "2017.07.09"]
[Round "5.3"]
[White "Casas, Nicolas"]
[Black "Dotta, Gian Franco"]
[Result "1-0"]
[WhiteElo "1787"]
[BlackElo "1813"]
[PlyCount "111"]
[EventDate "2017.07.07"]
[EventType "team-swiss"]
[EventRounds "5"]
[EventCountry "URU"]
[SourceTitle "EXT 2018"]
[Source "ChessBase"]
[SourceDate "2017.10.13"]
[SourceVersion "1"]
[SourceVersionDate "2017.10.13"]
[SourceQuality "1"]
[WhiteTeam "Piratas Tablero II"]
[BlackTeam "Cerro II"]
[WhiteTeamCountry "URU"]
[BlackTeamCountry "URU"]

1. d4 Nf6 2. Nf3 g6 3. Bf4 Bg7 4. e3 0-0 5. Be2 d6 6. h3 Nbd7 7. Nbd2 Re8 8. e4 e5 9. dxe5 dxe5 10. Bg5 Nc5 11. 0-0 h6 12. Bxf6 Qxf6 13. Bc4 Be6 14. Qe2 Red8 15. Nb3 Bxc4 16. Qxc4 Ne6 17. Rad1 Bf8 18. Rxd8 Rxd8 19. Qc3 Bd6 20. Nbd2 Nf4 21. Re1 Qe7 22. a3 Qe6 23. Nc4 Re8 24. Nxd6 cxd6 25. Kh2 Rc8 26. Qd2 Kg7 27. Rd1 Rc6 28. Nd4 exd4 29. Qxf4 Qe5 30. Qxe5+ dxe5 31. Rd2 Kf6 32. Kg3 Ke6 33. f3 Rb6 34. b3 Ra6 35. a4 Kd6 36. c3 Kc5 37. cxd4+ exd4 38. f4 Rd6 39. Rd3 b5 40. axb5 Kxb5 41. Kf3 Kc5 42. e5 Rb6 43. Ke4 a5 44. g4 Rb4 45. h4 a4 46. bxa4 Rxa4 47. h5 Ra1 48. hxg6 fxg6 49. f5 Re1+ 50. Kf3 gxf5 51. gxf5 Rxe5 52. Kf4 Kd5 53. f6 Re1 54. f7 Re4+ 55. Kf5 Re1 56. Rf3 1-0

[Event "URU-ch sf"]
[Site "Montevideo"]
[Date "2017.02.27"]
[Round "7"]
[White "Rodriguez Delfino, Tiago"]
[Black "Casas, Nicolas"]
[Result "1/2-1/2"]
[WhiteElo "1325"]
[BlackElo "1817"]
[PlyCount "52"]
[EventDate "2017.02.24"]
[EventType "swiss"]
[EventRounds "8"]
[EventCountry "URU"]
[SourceTitle "EXT 2018"]
[Source "ChessBase"]
[SourceDate "2017.10.13"]
[SourceVersion "1"]
[SourceVersionDate "2017.10.13"]
[SourceQuality "1"]

1. e4 d5 2. exd5 Qxd5 3. Nc3 Qa5 4. Nf3 Nf6 5. d3 c6 6. Bd2 Qc7 7. g3 Bg4 8. Bg2 e6 9. h3 Bh5 10. g4 Bg6 11. Nh4 Be7 12. Nxg6 hxg6 13. Qe2 Nbd7 14. 0-0-0 Nd5 15. Nxd5 cxd5 16. Rhe1 Rc8 17. c3 d4 18. Kb1 dxc3 19. Bxc3 0-0 20. Rc1 Qb6 21. Qe3 Bc5 22. d4 Bb4 23. Bxb4 Qxb4 24. Rc3 b6 25. Rec1 Rxc3 26. Qxc3 Qd6 1/2-1/2

[Event "URU-ch sf"]
[Site "Montevideo"]
[Date "2017.02.25"]
[Round "2"]
[White "Casas, Nicolas"]
[Black "Carbone, Pablo"]
[Result "1/2-1/2"]
[WhiteElo "1817"]
[BlackElo "1900"]
[PlyCount "113"]
[EventDate "2017.02.24"]
[EventType "swiss"]
[EventRounds "8"]
[EventCountry "URU"]
[SourceTitle "CBM 177 Extra"]
[Source "ChessBase"]
[SourceDate "2017.04.27"]
[SourceVersion "1"]
[SourceVersionDate "2017.04.27"]
[SourceQuality "1"]

1. d4 e6 2. Nf3 Nf6 3. Bg5 Be7 4. e3 b6 5. Nbd2 Bb7 6. g3 h6 7. Bxf6 Bxf6 8. Bg2 d5 9. 0-0 Nd7 10. c4 0-0 11. cxd5 exd5 12. Rc1 Re8 13. b4 Be7 14. Qb3 Bd6 15. a4 Nf6 16. Rc2 a5 17. b5 Bc8 18. Ne1 Bf5 19. Nd3 Rc8 20. Rcc1 Qe7 21. Nf4 Bxf4 22. exf4 Qb4 23. Qxb4 axb4 24. Bf3 Re7 25. Nb3 Ra8 26. Ra1 Bc2 27. Bd1 Bd3 28. f3 Bxf1 29. Kxf1 Ne8 30. Nc1 Nd6 31. Nd3 Nxb5 32. Nxb4 Nc3 33. Bb3 c5 34. dxc5 bxc5 35. Nxd5 Nxd5 36. Bxd5 Ra5 37. Bc6 Re3 38. Rc1 Rd3 39. Ke2 Rd4 40. Bb5 Rd5 41. g4 Ra7 42. h4 Re7+ 43. Kf2 Rc7 44. a5 c4 45. Rxc4 Rxc4 46. Bxc4 Rxa5 47. Kg3 g6 48. g5 h5 49. Bb3 Kg7 50. Bc4 Rc5 51. Bb3 f6 52. Ba2 Rc1 53. Bd5 Rd1 54. Bc4 Rg1+ 55. Kh2 Rc1 56. Bd5 Rc2+ 57. Kg3 1/2-1/2

[Event "Montevideo Duchamp Cup 1st"]
[Site "Montevideo"]
[Date "2017.02.12"]
[Round "5"]
[White "Izquierdo, Daniel"]
[Black "Casas, Nicolas"]
[Result "1-0"]
[WhiteElo "2083"]
[BlackElo "1817"]
[PlyCount "41"]
[EventDate "2017.02.09"]
[EventType "swiss"]
[EventRounds "9"]
[EventCountry "URU"]
[SourceTitle "CBM 176 Extra"]
[Source "ChessBase"]
[SourceDate "2017.03.02"]
[SourceVersion "1"]
[SourceVersionDate "2017.03.02"]
[SourceQuality "1"]

1. Nf3 d5 2. c4 c6 3. b3 e6 4. Bb2 Nf6 5. g3 Bd6 6. Bg2 0-0 7. 0-0 Nbd7 8. d4 b5 9. Nbd2 Re8 10. Qc2 Nf8 11. e4 Nxe4 12. Nxe4 dxe4 13. Qxe4 Bd7 14. Ne5 Bxe5 15. dxe5 Rb8 16. Rfd1 Qc7 17. Rac1 b4 18. Rd6 c5 19. Rcd1 Red8 20. Bc1 Bc6 21. Qxc6 1-0

[Event "Montevideo Duchamp Cup 1st"]
[Site "Montevideo"]
[Date "2017.02.09"]
[Round "1"]
[White "Casas, Nicolas"]
[Black "Muniz, Rafael"]
[Result "0-1"]
[WhiteElo "1817"]
[BlackElo "2292"]
[PlyCount "66"]
[EventDate "2017.02.09"]
[EventType "swiss"]
[EventRounds "9"]
[EventCountry "URU"]
[SourceTitle "CBM 176 Extra"]
[Source "ChessBase"]
[SourceDate "2017.03.02"]
[SourceVersion "1"]
[SourceVersionDate "2017.03.02"]
[SourceQuality "1"]

1. d4 Nf6 2. Nf3 g6 3. c4 Bg7 4. e3 0-0 5. Be2 d6 6. 0-0 Nbd7 7. Nbd2 e5 8. dxe5 dxe5 9. Qc2 Qe7 10. e4 Nc5 11. Re1 Nh5 12. Bf1 a5 13. b3 Ne6 14. Bb2 Nd4 15. Nxd4 exd4 16. c5 Nf4 17. e5 Bf5 18. Qc4 Nh3+ 19. gxh3 Qg5+ 20. Kh1 Qxd2 21. Qxd4 Rad8 22. Qxd2 Rxd2 23. Bc3 Rxf2 24. Bxa5 c6 25. Bc7 Ra8 26. Re2 Rf3 27. Bg2 Rxb3 28. Rd1 Rc3 29. Rb2 Rxc5 30. Rxb7 Bxe5 31. Bxe5 Rxe5 32. Bxc6 Rxa2 33. Bd5 Rxd5 0-1

[Event "Montevideo Trebejos op 09"]
[Site "Montevideo"]
[Date "2016.10.05"]
[Round "4"]
[White "Casas, Nicolas"]
[Black "Ferrari, Carlos"]
[Result "1-0"]
[WhiteElo "1818"]
[BlackElo "1706"]
[PlyCount "91"]
[EventDate "2016.09.28"]
[EventType "swiss"]
[EventRounds "7"]
[EventCountry "URU"]
[SourceTitle "EXT 2018"]
[Source "ChessBase"]
[SourceDate "2017.10.13"]
[SourceVersion "1"]
[SourceVersionDate "2017.10.13"]
[SourceQuality "1"]

1. d4 d5 2. Nf3 e6 3. Bg5 Be7 4. Bxe7 Qxe7 5. c3 Nf6 6. e3 Nbd7 7. Bd3 0-0 8. Nbd2 a6 9. 0-0 c5 10. c4 dxc4 11. Nxc4 b5 12. Na5 c4 13. Be2 Qd6 14. a4 Qb6 15. axb5 axb5 16. Qd2 Ra6 17. b3 Ne4 18. Qb4 Qa7 19. bxc4 bxc4 20. Bxc4 Rb6 21. Qa3 Nd6 22. Be2 Qb8 23. Nc4 Nxc4 24. Bxc4 Nf6 25. Ne5 Ne4 26. Qd3 Nd6 27. Rab1 f6 28. Rxb6 Qxb6 29. Nf3 Nxc4 30. Qxc4 Ba6 31. Qc1 Bxf1 32. Qxf1 Qb2 33. g3 Rc8 34. Qa6 Qc1+ 35. Kg2 Rc6 36. Qa8+ Kf7 37. Qb7+ Rc7 38. Qb3 Rc3 39. Qb7+ Kg6 40. Nh4+ Kh6 41. Qe4 g6 42. Qxe6 Rc6 43. Qe7 Qe1 44. Qf8+ Kh5 45. h3 Rc1 46. g4+ 1-0

[Event "Montevideo Trebejos op 09"]
[Site "Montevideo"]
[Date "2016.10.03"]
[Round "3"]
[White "Rocca, Jose"]
[Black "Casas, Nicolas"]
[Result "0-1"]
[WhiteElo "1661"]
[BlackElo "1818"]
[PlyCount "80"]
[EventDate "2016.09.28"]
[EventType "swiss"]
[EventRounds "7"]
[EventCountry "URU"]
[SourceTitle "EXT 2018"]
[Source "ChessBase"]
[SourceDate "2017.10.13"]
[SourceVersion "1"]
[SourceVersionDate "2017.10.13"]
[SourceQuality "1"]

1. e4 c5 2. Nc3 d6 3. Nf3 Nf6 4. Bc4 Nc6 5. a3 a6 6. 0-0 e6 7. Re1 Qc7 8. d3 Be7 9. Bf4 Nh5 10. Bd2 0-0 11. Qe2 Nf6 12. Bg5 Nd4 13. Nxd4 cxd4 14. Nd1 b5 15. Bb3 e5 16. h3 Be6 17. Bxe6 fxe6 18. Qd2 h6 19. Bxf6 Bxf6 20. f3 Rac8 21. Re2 Qf7 22. a4 Qg6 23. Kh1 Qg3 24. Nf2 h5 25. Qe1 Bg5 26. Qg1 Be3 27. Rf1 Rxf3 28. gxf3 Qxf3+ 29. Qg2 Qxe2 30. Rg1 Bh6 31. Qg6 Qf3+ 32. Rg2 Qf7 33. Qxh6 Rxc2 34. Kg1 Rxf2 35. Rxg7+ Qxg7+ 36. Qxg7+ Kxg7 37. Kxf2 bxa4 38. Kg3 d5 39. exd5 exd5 40. Kf3 Kg6 0-1

[Event "Montevideo Trebejos op 09"]
[Site "Montevideo"]
[Date "2016.09.28"]
[Round "1"]
[White "Lopez Falcon, Jorge"]
[Black "Casas, Nicolas"]
[Result "1-0"]
[WhiteElo "2157"]
[BlackElo "1818"]
[PlyCount "99"]
[EventDate "2016.09.28"]
[EventType "swiss"]
[EventRounds "7"]
[EventCountry "URU"]
[SourceTitle "EXT 2018"]
[Source "ChessBase"]
[SourceDate "2017.10.13"]
[SourceVersion "1"]
[SourceVersionDate "2017.10.13"]
[SourceQuality "1"]

1. d4 d5 2. c4 c6 3. Nf3 e6 4. Qc2 Nf6 5. g3 g6 6. Bg2 Bg7 7. 0-0 0-0 8. Bf4 Nbd7 9. Nbd2 b6 10. e4 Nxe4 11. Nxe4 dxe4 12. Qxe4 Bb7 13. Ne5 Nxe5 14. dxe5 Rb8 15. Rfd1 Qe7 16. Qe3 c5 17. Bg5 Qc7 18. Bf6 Bxg2 19. Kxg2 Rfe8 20. Kg1 h6 21. Rd3 Bxf6 22. exf6 Kh7 23. Rad1 Red8 24. Qd2 Rxd3 25. Qxd3 Rb7 26. h4 Qe5 27. Qf3 Rc7 28. b3 Qh5 29. Kg2 Qe5 30. Rd8 h5 31. Qf4 Qxf4 32. gxf4 Rb7 33. Re8 b5 34. Re7 Rb8 35. Rxf7+ Kg8 36. Rg7+ Kf8 37. cxb5 Rxb5 38. Rxa7 Rb4 39. Ra4 Rb7 40. Rc4 Rb5 41. Kf3 Kf7 42. Ke3 Kxf6 43. Ke4 Rb4 44. Rxb4 cxb4 45. f3 Ke7 46. Ke5 Kf7 47. Kd4 Kf6 48. Kc4 Kf5 49. Kxb4 Kxf4 50. a4 1-0

[Event "URU-chT Interclubes Serie B"]
[Site "Montevideo"]
[Date "2016.09.25"]
[Round "5.22"]
[White "Casas, Nicolas"]
[Black "Campopiano, Julio"]
[Result "1/2-1/2"]
[WhiteElo "1818"]
[BlackElo "1765"]
[PlyCount "29"]
[EventDate "2016.09.23"]
[EventType "swiss"]
[EventRounds "5"]
[EventCountry "URU"]
[SourceTitle "EXT 2024"]
[Source "ChessBase"]
[SourceDate "2023.10.10"]
[SourceVersion "1"]
[SourceVersionDate "2023.10.10"]
[SourceQuality "1"]

1. d4 c5 2. c3 e6 3. Nf3 Nf6 4. e3 Nc6 5. g3 Be7 6. Bg2 0-0 7. 0-0 d5 8. Nbd2 Qc7 9. Qc2 e5 10. dxe5 Nxe5 11. Nxe5 Qxe5 12. e4 dxe4 13. Nxe4 Nxe4 14. Qxe4 Qxe4 15. Bxe4 1/2-1/2

[Event "URU-chT Interclubes Serie B"]
[Site "Montevideo"]
[Date "2016.09.24"]
[Round "3.23"]
[White "Griselka, Diego"]
[Black "Casas, Nicolas"]
[Result "1/2-1/2"]
[WhiteElo "1751"]
[BlackElo "1818"]
[PlyCount "78"]
[EventDate "2016.09.23"]
[EventType "swiss"]
[EventRounds "5"]
[EventCountry "URU"]
[SourceTitle "EXT 2024"]
[Source "ChessBase"]
[SourceDate "2023.10.10"]
[SourceVersion "1"]
[SourceVersionDate "2023.10.10"]
[SourceQuality "1"]

1. c4 c5 2. g3 Nc6 3. Nc3 Nf6 4. Bg2 g6 5. e3 e5 6. Nge2 Bg7 7. 0-0 0-0 8. d3 d6 9. a3 Be6 10. Nd5 Qd7 11. Rb1 Ne7 12. Nxf6+ Bxf6 13. b4 Rad8 14. e4 b6 15. Bd2 Bg7 16. Qc2 Bh3 17. f4 Bxg2 18. Kxg2 f5 19. Rbd1 Qb7 20. Kg1 Nc6 21. b5 Nd4 22. Nxd4 cxd4 23. exf5 gxf5 24. Rde1 Rde8 25. Bb4 Rf6 26. a4 e4 27. Qg2 Qa8 28. a5 bxa5 29. Bxa5 Rfe6 30. b6 axb6 31. Bxb6 Qb7 32. Rb1 Qe7 33. Rb5 exd3 34. Qd5 Qf7 35. Bxd4 Re1 36. Qxf7+ Kxf7 37. Rb7+ R8e7 38. Rxe7+ Rxe7 39. Bxg7 Kxg7 1/2-1/2

[Event "Montevideo Trebejos op 02"]
[Site "Montevideo"]
[Date "2016.03.09"]
[Round "7"]
[White "Casas, Nicolas"]
[Black "Martinez Fernandez, Fernando"]
[Result "0-1"]
[WhiteElo "1856"]
[BlackElo "1848"]
[PlyCount "120"]
[EventDate "2016.02.22"]
[EventType "swiss"]
[EventRounds "7"]
[EventCountry "URU"]
[SourceTitle "EXT 2017"]
[Source "ChessBase"]
[SourceDate "2016.10.25"]
[SourceVersion "1"]
[SourceVersionDate "2016.10.25"]
[SourceQuality "1"]

1. d4 d5 2. Nf3 Nf6 3. Bf4 c6 4. h3 Qb6 5. Qc1 Bf5 6. e3 e6 7. c3 Nbd7 8. Be2 Be7 9. 0-0 h6 10. Ne5 0-0 11. Nd2 c5 12. Ndf3 Rac8 13. Qd2 a5 14. Nxd7 Nxd7 15. Ne5 Nf6 16. Bd3 Bxd3 17. Nxd3 Ne4 18. Qe2 Rfd8 19. f3 Nf6 20. Nxc5 Bxc5 21. dxc5 Qxc5 22. Kh1 a4 23. a3 Nd7 24. e4 Qc4 25. Qxc4 Rxc4 26. Rfe1 dxe4 27. Be3 exf3 28. gxf3 Nf6 29. Rad1 Rd5 30. Bd4 Nd7 31. f4 Nc5 32. Rg1 g6 33. Kh2 Nd7 34. Rde1 Rf5 35. Kg3 Nf6 36. Kf3 Nd5 37. Re4 Rh5 38. Rg3 Ne7 39. Be5 Rc8 40. Rxa4 Nf5 41. Rg2 Rxh3+ 42. Kf2 Nh4 43. Rg1 Rd3 44. Re1 Nf3 45. Re3 Rxe3 46. Kxe3 Nxe5 47. fxe5 Rc5 48. Ke4 h5 49. Rb4 h4 50. Rxb7 h3 51. Kf3 Rxe5 52. Kg3 Rh5 53. Kh2 g5 54. Rb4 f5 55. a4 g4 56. a5 g3+ 57. Kxg3 h2 58. a6 h1Q 59. Rb8+ Kf7 60. a7 Qg1+ 0-1

[Event "Montevideo Trebejos op 11"]
[Site "Montevideo"]
[Date "2015.11.18"]
[Round "7"]
[White "Lanzilotta Mernies, Marcelo"]
[Black "Casas, Nicolas"]
[Result "1-0"]
[WhiteElo "2025"]
[BlackElo "1859"]
[PlyCount "129"]
[EventDate "2015.11.04"]
[EventType "swiss"]
[EventRounds "7"]
[EventCountry "URU"]
[SourceTitle "EXT 2017"]
[Source "ChessBase"]
[SourceDate "2016.10.25"]
[SourceVersion "1"]
[SourceVersionDate "2016.10.25"]
[SourceQuality "1"]

1. e4 d5 2. exd5 Qxd5 3. d4 Nf6 4. c4 Qe4+ 5. Be3 e5 6. Nc3 Bb4 7. Nf3 Bxc3+ 8. bxc3 exd4 9. cxd4 0-0 10. Bd3 Qe7 11. Qc2 Ng4 12. 0-0 Nxe3 13. fxe3 Qxe3+ 14. Kh1 Qh6 15. Rae1 Nc6 16. a3 Bg4 17. Ne5 Nxe5 18. Rxe5 Rae8 19. Rfe1 Rxe5 20. Rxe5 c6 21. d5 Qf6 22. Re1 g6 23. h3 Bc8 24. Be4 cxd5 25. cxd5 Qd6 26. Rc1 Rd8 27. Qc7 Qxc7 28. Rxc7 a6 29. Kg1 b5 30. g4 Kg7 31. Kf2 a5 32. Ke3 b4 33. axb4 axb4 34. Kd4 Bd7 35. Rb7 h5 36. gxh5 gxh5 37. h4 Kf6 38. Rxb4 Bf5 39. Rb6+ Be6 40. Ke3 Rg8 41. Bf3 Rg3 42. dxe6 fxe6 43. Kf2 Rg8 44. Bd5 Re8 45. Kf3 Kf5 46. Be4+ Kf6 47. Kf4 Rc8 48. Rb5 Rh8 49. Bf3 Kg6 50. Rg5+ Kh6 51. Bxh5 Rf8+ 52. Kg3 Rf5 53. Kg4 Rd5 54. Rg6+ Kh7 55. Rxe6 Rd4+ 56. Kg3 Rd3+ 57. Bf3 Ra3 58. Kg4 Ra4+ 59. Be4+ Kg7 60. Kg5 Ra5+ 61. Bf5 Ra1 62. Re7+ Kh8 63. h5 Rg1+ 64. Kf6 Rg8 65. Rh7# 1-0

[Event "Montevideo Trebejos op 11"]
[Site "Montevideo"]
[Date "2015.11.09"]
[Round "3"]
[White "Casas, Nicolas"]
[Black "Vinella, Marcelo"]
[Result "1-0"]
[WhiteElo "1859"]
[BlackElo "1795"]
[PlyCount "55"]
[EventDate "2015.11.04"]
[EventType "swiss"]
[EventRounds "7"]
[EventCountry "URU"]
[SourceTitle "CBM 170 Extra"]
[Source "ChessBase"]
[SourceDate "2016.02.25"]
[SourceVersion "1"]
[SourceVersionDate "2016.02.25"]
[SourceQuality "1"]

1. d4 d5 2. Nf3 c5 3. c3 cxd4 4. cxd4 Nc6 5. Nc3 Bf5 6. Qb3 Qd7 7. e4 Bxe4 8. Nxe4 dxe4 9. Ne5 Nxe5 10. dxe5 a6 11. e6 fxe6 12. Bc4 Kf7 13. 0-0 Nf6 14. Rd1 Qc6 15. Bf4 b5 16. Be2 Nd5 17. Rac1 Qb7 18. Be5 Rg8 19. Bg4 g6 20. Qh3 Qb6 21. Re1 Bg7 22. Rxe4 Rac8 23. Rce1 Rc2 24. Qf3+ Ke8 25. Bxg7 Rxg7 26. Rxe6 Rf7 27. Rxb6 Rxf3 28. Rb8+ 1-0